00941nam a22002175i 450000100060000000300090000600500170001500700030003200800410003504000200007610000430009624501030013926000570024230000290029950000660032865000260039471000560042085200830047699900170055995201470057653371ES-MaACL20250723100701.0t|950922s1895 sp ||||1| spa d aCAM bspa cCAM1 aEscribano y García, Víctor.94764510aAnatomía y patología de los apéndices del testículo / cpor Víctor Escribano y García. aMadrid : b[s.n.], c1895 (fEsc. Tip. del Hospicio) a68 p. : bil. ; c23 cm. aPrecede al tít.: Facultad de Medicina, tesis del doctorado. 4aTestículos.914712720aUniversidad de Madrid. bFacultad de Medicina97215 aES-MaACLjT-856-F-9 z.- Enc. en un vol. facticio conservando la enc. original c53371d53371 001040708Colección_de_folletosaATENEOMbATENEOMcDEPOFd2008-01-17eSCl0oT-856-F-9p1056078r2023-02-23 00:00:00w2023-02-23yFOLLETOS